International Marketing (Record no. 47430)

MARC details
000 -LEADER
fixed length control field 00655nam a2200169 a 4500
008 - FIXED-LENGTH DATA ELEMENTS--GENERAL INFORMATION
fixed length control field 130829s2013 ||||||||||||||||| || u
020 ## - INTERNATIONAL STANDARD BOOK NUMBER
International Standard Book Number 9781452226354
050 ## - LIBRARY OF CONGRESS CALL NUMBER
Classification number HF 1009.5 BAA
100 ## - MAIN ENTRY--PERSONAL NAME
Personal name Baack, Donald
245 10 - TITLE STATEMENT
Title International Marketing
Statement of responsibility, etc. by Daniel W. Baack, Eric G. Harris and Donald Baack
260 ## - PUBLICATION, DISTRIBUTION, ETC.
Place of publication, distribution, etc. Singapore:
Name of publisher, distributor, etc. SAGE Publications
Date of publication, distribution, etc. 2013
300 ## - PHYSICAL DESCRIPTION
Extent xxxiii, 583p. (various pagings): ill.
650 #0 - SUBJECT ADDED ENTRY--TOPICAL TERM
Topical term or geographic name entry element EXPORT MARKETING
700 ## - ADDED ENTRY--PERSONAL NAME
Personal name Harris, Eric G
700 ## - ADDED ENTRY--PERSONAL NAME
Personal name Baack, Daniel W
995 ## - RECOMMENDATION 995 [LOCAL, UNIMARC FRANCE]
-- CBU-MAIN LIBRARY (Kitwe)
-- 1
-- AVAILABLE
-- Sep 9, 2013
-- Main Library Open Access Collection
Holdings
Withdrawn status Lost status Source of classification or shelving scheme Damaged status Not for loan Home library Current library Shelving location Date acquired Total Checkouts Full call number Barcode Date last seen Price effective from Koha item type
          CBU-MAIN LIBRARY, KITWE. CBU-MAIN LIBRARY, KITWE.   11/30/2022   HF 1009.5 BAA 744241 11/30/2022 11/30/2022 MONOGRAPH